Normal view
MARC view
- Electrical(Electronics) Engineering-Project Report
Entry Topical Term
001 - CONTROL NUMBER
- control field: 112202
003 - CONTROL NUMBER IDENTIFIER
- control field: NUST
005 - DATE AND TIME OF LATEST TRANSACTION
- control field: 20230508153329.0
008 - FIXED-LENGTH DATA ELEMENTS
- fixed length control field: 230508|| aca||aabn | a|a d
040 ## - CATALOGING SOURCE
- Original cataloging agency: NUST
- Transcribing agency: NUST
150 ## - HEADING--TOPICAL TERM
- Topical term or geographic name entry element: Electrical(Electronics) Engineering-Project Report
670 ## - SOURCE DATA FOUND
- Source citation: Work cat.: (NUST)536273: Hashmi, Ahmed Mustafa ; Saleem, Asim ; Ahmad, Haseeb ; Khalid, Umer 31329, Leadership , 2011.
